Open Data Biblioteca Nacional de Portugal


República Portuguesa: Ministério da Cultura
Biblioteca Nacional de Portugal

Catálogo da BNP: acesso por Identificadores Unívocos
Registos Bibliográficos associados ao registo de autoridade

Etiqueta de registo: 00254nam 2200025 450
001 2264972
003 http://id.bnportugal.gov.pt/bib/catbnp/2264972
010 ## $a978-972-9464-31-7
021 ## $aPT$b544203/253
100 ## $a20260211d2025 k y0pory01030103ba
101 0# $apor
102 ## $aPT
105 ## $aa z 000yy
106 ## $ar
200 1# $aEncontro Luso-Cubano$e a propósito do novo código de famílias cubano$fcoord. Sandra Passinhas, João Reis$gautores Leonardo B. Perez Gallardo... [et al.]
210 #9 $aCoimbra$cFaculdade de Direito da Universidade de Coimbra,$d2025
215 ## $a188, [7] p.$cil.$d25 cm
675 ## $a618.177-089.8(469+729.1)"20"(042)$vBN$zpor$31991636
675 ## $a347.15(469+729.1)"20"(042)$vBN$zpor$31991635
675 ## $a347.6(469+729.1)"20"(042)$vBN$zpor$31991634
702 #1 $aPerez Gallardo,$bLeonardo B.$4070$31984793
702 #1 $aPassinhas,$bSandra$4340$3992811
702 #1 $92$aReis,$bJoão$4340$3283808
710 12 $aEncontro Luso-Cubano,$eCoimbra,$f2024$31993892
801 #0 $aPT$bBN$gRPC
856 41 $uhttp://rnod.bnportugal.gov.pt/ImagesBN/winlibimg.aspx?skey=&doc=2264972&img=220380&save=true
900 ## $aBIBNAC$d20260327
966 ## $lBN$mFGMON$sS.C. 168705 V.$x1
966 ## $lBN$mFGMON$sS.C. 168705 V.-D$x1
971 ## $ccsilva$d20260211
973 ## $cigoulao$d20260316
975 ## $e0$d20260327$viquintas

OpendataBNP@bnportugal.pt | Mais informação sobre acesso aos dados BNP